|
|
|
|
| LEADER |
00000nab a2200000 a 4500 |
| 001 |
vtls008872809 |
| 003 |
SK-MaSNL |
| 005 |
20260304143957.0 |
| 008 |
250505c2006 xo qr|p|||||||000 b|slo |
| 015 |
|
|
|a SNBRB2006/11
|
| 035 |
|
|
|a (uuid)51be2379-1789-42d7-9779-379d9626600d
|
| 035 |
|
|
|a urn:nbn:sk:snk-ab9wid
|
| 035 |
|
|
|a (urnnbn)urn:nbn:sk:snk:ar-a092h1
|
| 038 |
|
|
|a SNKBUCL
|
| 040 |
|
|
|a SNKBUCL
|b slo
|c SNKBUCL
|e AACR2
|
| 041 |
0 |
|
|a slo
|
| 044 |
|
|
|a xo
|c SK
|
| 080 |
|
|
|a 82:929:820
|2 1997
|
| 080 |
|
|
|a 929 Greene, Graham
|2 1997
|
| 100 |
1 |
|
|a Leščinský, Jozef,
|d 1955-2021
|4 aut
|9 116380
|
| 245 |
1 |
0 |
|a Všetko je milosť
|c Jozef Leščinský
|
| 600 |
1 |
7 |
|a Greene, Graham,
|d 1904-1991
|2 snkbucl
|9 111369
|
| 773 |
0 |
|
|t Verbum
|g Roč. XIII, č. 4 (2002), s. 94-101
|x 1210-1605
|
| 850 |
|
|
|a Slovenská národná knižnica
|
| 852 |
|
|
|a Slovenská národná knižnica
|
| 954 |
|
|
|a odborná, vedecká literatúra pôvodná (slovenská)
|2 lita
|
| 958 |
|
|
|a article13
|
| 958 |
|
|
|a OND
|
| 958 |
|
|
|a BC
|
| 958 |
|
|
|a SK
|
| 958 |
|
|
|a NT
|
| 958 |
|
|
|a EUIPO
|
| 999 |
|
|
|c 2928639
|d 2930569
|